Londyn - quiz wielokrotnego wyboru - Statystyki

Ogólne statystyki
  • Ten quiz został rozwiązany 1 034 razy
    1 011 od ostatniego zresetowania
  • Średni wynik to 6 z 10
Statystyki odpowiedzi
Zagadnienie Odpowiedź % Poprawnych
Osoba pochodząca z Londynu to... Londyńczyk
99%
Jaki jest dominujący kolor autobusów w Londynie? Czerwony
94%
Prawda lub fałsz. Londyn jest stolicą Walii Fałsz
90%
Jakie zwierzę, w formie posągu, znalazłbyś na Trafalgar Square? Lwa
67%
Czym jest ​​Pudding Lane? Ulicą, na której wybuchł Wielki pożar z 1666r.
59%
Gdybyś miał płynąć z Londynu wzdłuż Tamizy aż do morza, w jakim kierunku byś się udał? Wschód
57%
Co spowodowało śmierć tysięcy ludzi w Londynie w 1952 roku? Smog
52%
Jaki jest najwyższy budynek w Londynie? The Shard
52%
Której z tych dzielnic NIE znajdziesz w Londynie? Tribeca
36%
Z jakiej branży słynie Fleet Street? Prasa
24%
Nie znaleziono quizów pasujących do podanych kryteriów
Rozkład punktacji
Procent ludzi z każdym wynikiem
Percentyl według liczby udzielonych odpowiedzi
Twoja historia wyników
Nie rozwiązałeś tego quizu od ostatniego zresetowania